| 000 | 00453nam a22001697a 4500 | ||
|---|---|---|---|
| 005 | 20240809090403.0 | ||
| 008 | 240807b |||||||| |||| 00| 0 eng d | ||
| 082 |
_a612 _bHAS-H |
||
| 100 | _aHassan W.E. | ||
| 245 |
_aHospital Pharmacy / _cHassan W.E. |
||
| 250 | _a6th ed. | ||
| 260 |
_aPakistan : _bkings book: _c1999 |
||
| 300 |
_axviii,686p. _bill; _c23 cm. |
||
| 500 | _ainclude index . | ||
| 650 | _aPharmacy / Hospital pharmacy | ||
| 999 |
_c36316 _d36316 |
||